Normal view MARC view
  • DESHMUKH,DR, J. AND DESHMUKH, R T.

Entry Personal Name

Number of records used in: 1

001 - CONTROL NUMBER

  • control field: 4012

003 - CONTROL NUMBER IDENTIFIER

  • control field: OSt

005 - DATE AND TIME OF LATEST TRANSACTION

  • control field: 20171206161705.0

008 - FIXED-LENGTH DATA ELEMENTS

  • fixed length control field: 171206|| aca||aabn | a|a d

040 ## - CATALOGING SOURCE

  • Original cataloging agency: OSt
  • Transcribing agency: OSt

100 ## - HEADING--PERSONAL NAME

  • Personal name: DESHMUKH,DR, J. AND DESHMUKH, R T.

670 ## - SOURCE DATA FOUND

  • Source citation: Work cat.: (OSt): DESHMUKH,DR, J. AND DESHMUKH, R T., WINNING AND WORKING COAL IN INDIA (VOL-2)